| 000 | 00774nam a2200253Ia 4500 | ||
|---|---|---|---|
| 003 | OSt | ||
| 005 | 20221005085606.0 | ||
| 006 | a|||||r|||| 00| 0 | ||
| 007 | ta | ||
| 008 | 221004b |||||||| |||| 00| 0 eng d | ||
| 024 | _a71601 | ||
| 037 | _cTextual | ||
| 040 |
_aCRL _cCRL _beng |
||
| 041 |
_2eng _aeng |
||
| 082 | _aY49(X:9).1, M6 | ||
| 100 |
_aHanagan Michael Ed. _9317402 |
||
| 245 | 0 |
_aConfrontation, class consciousness, and the labour process _b Studies in proletarian class formation |
|
| 260 |
_aNew York _bGreenwood USA _c1986 |
||
| 300 |
_axi, 261p _ccm. |
||
| 650 | _aSOCIOLOGY | ||
| 700 | _a Stephenson Charles Ed. | ||
| 942 |
_hY49(X:9).1, M6 _cTEXL _2cc |
||
| 999 |
_c994453 _d994453 |
||